Discover Columbus /

Saved in:
Bibliographic Details
Main Author: Harden, Mike.
Other Authors: Wenstrup, Brooke 1957-, Bernstein, Mark 1950-
Format: Book
Language:English
Published: Memphis, TN : Towery Pub., c1997.
Series:Urban tapestry series.
Subjects:
Tags: Add Tag
No Tags, Be the first to tag this record!
LEADER 01102cam a2200325 a 4500
001 007797877-3
005 20020606104010.5
008 970925s1997 tnua 001 0 eng
010 |a  97035155  
020 |a 1881096513 
035 0 |a ocm37731651 
040 |a DLC  |c DLC  |d DLC 
043 |a n-us-oh 
050 0 0 |a F499.C75  |b H37 1997 
082 0 0 |a 977.1/57  |2 21 
100 1 |a Harden, Mike. 
245 1 0 |a Discover Columbus /  |c by Mike Harden & Brooke Wenstrup ; profiles in excellence by Mark Bernstein ; art direction by Bob Shatzer & Jonathan Postal. 
260 |a Memphis, TN :  |b Towery Pub.,  |c c1997. 
300 |a 446 p. :  |b ill. (some col.) ;  |c 32 cm. 
490 1 |a Urban tapestry series 
500 |a Includes index. 
650 0 |a Business enterprises  |z Ohio  |z Columbus. 
651 0 |a Columbus (Ohio)  |x Civilization. 
651 0 |a Columbus (Ohio)  |x Pictorial works. 
651 0 |a Columbus (Ohio)  |x Economic conditions. 
700 1 |a Wenstrup, Brooke  |q (Brooke Ann),  |d 1957- 
700 1 |a Bernstein, Mark  |q (Mark Douglas),  |d 1950- 
830 0 |a Urban tapestry series. 
988 |a 20020608 
906 |0 DLC